000 00403nam a2200169Ia 4500
008 240510s9999 xx 000 0 und d
041 _aEng
082 _a519.68/12
082 _bNS
245 0 _aIntroduction to ACOS-4/MVP XE (ACOS-4/MVP XE course seminar text
260 _bTokyo:NEC
260 _c1986
300 _a65 p.
650 _aACOS-4/MVP XE functions
942 _2ddc
942 _cLBK
999 _c24131
_d24131
945 _a1
_bMadushi Gamage
_c1
_dMadushi Gamage